Sacajawea: (Record no. 5813)

MARC details
000 -LEADER
fixed length control field 01078nam a22003017a 4500
001 - CONTROL NUMBER
control field 5813
003 - CONTROL NUMBER IDENTIFIER
control field FISKH
005 - DATE AND TIME OF LATEST TRANSACTION
control field 20250123102355.0
008 - FIXED-LENGTH DATA ELEMENTS--GENERAL INFORMATION
fixed length control field 250123b cb ||||| |||| 00| 0 eng d
020 ## - INTERNATIONAL STANDARD BOOK NUMBER
International Standard Book Number 9780439921435
040 ## - CATALOGING SOURCE
Original cataloging agency FISKH
Language of cataloging eng
Transcribing agency FISKH
Modifying agency FISKH
050 ## - LIBRARY OF CONGRESS CALL NUMBER
Classification number 921
082 ## - DEWEY DECIMAL CLASSIFICATION NUMBER
Classification number F592.S123
100 ## - MAIN ENTRY--PERSONAL NAME
Personal name Milton, Joyce
245 ## - TITLE STATEMENT
Title Sacajawea:
Remainder of title Her true story /
Statement of responsibility, etc. By Joyce Milton ; Illustrated by Shelly Hehenberger
250 ## - EDITION STATEMENT
Edition statement First Scholastic printing, November 2006
260 ## - PUBLICATION, DISTRIBUTION, ETC.
Place of publication, distribution, etc. New York :
Name of publisher, distributor, etc. Scholastic,
Date of publication, distribution, etc. 2001.
300 ## - PHYSICAL DESCRIPTION
Extent 48 pages :
Other physical details color illustrations ;
Dimensions 23 cm
490 ## - SERIES STATEMENT
Series statement All aboard reading :
Volume/sequential designation Station shop 2.
505 ## - FORMATTED CONTENTS NOTE
Formatted contents note O<br/>
520 ## - SUMMARY, ETC.
Summary, etc. A biography of the Shoshoni Indian woman who played an important role in guiding the Lewis and Clark expedition through the Northwest Territory of the United States in 1805-1806.
521 8# - TARGET AUDIENCE NOTE
Target audience note 600<br/>
Source Lexile <br/>
521 8# - TARGET AUDIENCE NOTE
Target audience note O<br/>
Source Raz-Plus<br/>
650 ## - SUBJECT ADDED ENTRY--TOPICAL TERM
Topical term or geographic name entry element American history
Form subdivision Biographies
General subdivision Indians
700 ## - ADDED ENTRY--PERSONAL NAME
Personal name Hehenberger, Shelly
Relator term illustrator
942 ## - ADDED ENTRY ELEMENTS (KOHA)
Source of classification or shelving scheme Dewey Decimal Classification
Koha item type Books
Suppress in OPAC No
Holdings
Withdrawn status Lost status Source of classification or shelving scheme Damaged status Not for loan Collection Home library Current library Shelving location Date acquired Total Checkouts Full call number Barcode Date last seen Price effective from Koha item type
    Dewey Decimal Classification     Non-Fiction Footprints International School Library Network Toul Kork Campus Footprints International School Library Network Toul Kork Campus TK Primary Library Room(4th Floor), Bookcase 3&4, Shelves 17-32, Yellow Books 01/23/2025   MIL 921 F592.S123 FISBK02711 01/23/2025 01/23/2025 Books